000 00431nam a2200181Ia 4500
008 090123s9999 xx 000 0 und d
082 _b4715
100 _aराजे शैलजा
245 _aदसरा
250 _a0
260 _c1977
300 _a115
600 _aराजे शैलजा
630 _aदसरा
700 _aराजे शैलजा
730 _aदसरा
942 _cBOOK
999 _c42790
_d42790